000 00430nam a2200181Ia 4500
005 20250423100841.0
008 250422s9999 xx 000 0 und d
020 _a0-664-21346-4
050 _aBS 2615.3 .M37/
100 _aMarsh, John, 1904-
245 0 _aSaint John
260 _aPennsylvania
260 _bWestminster
260 _c1968
300 _a700 p
650 _aThe New Gospel and the Old World
942 _cBK
999 _c34531
_d34531